Normal view
MARC view
- Sengupta, Sailesh
Entry Personal Name
001 - CONTROL NUMBER
- control field: 119986
003 - CONTROL NUMBER IDENTIFIER
- control field: NUST
005 - DATE AND TIME OF LATEST TRANSACTION
- control field: 20240121183101.0
008 - FIXED-LENGTH DATA ELEMENTS
- fixed length control field: 240121|| aca||aabn | a|a d
040 ## - CATALOGING SOURCE
- Original cataloging agency: NUST
- Transcribing agency: NUST
100 ## - HEADING--PERSONAL NAME
- Personal name: Sengupta, Sailesh
670 ## - SOURCE DATA FOUND
- Source citation: Work cat.: (NUST)343615: Sengupta, Sailesh., Management of Public Relation and Communication, 1996
